| 000 | 01249nam0a2200325 4500 | ||
|---|---|---|---|
| 001 | RU\NLR\BIBL_A\011911199 | ||
| 005 | 20190124153635.0 | ||
| 010 |
_a978-5-235-04216-2 _9500 |
||
| 021 |
_aRU _bКН-П-18-094113 _9КН-П-18-6829 |
||
| 035 | _a(NLR Aleph) 011911199 | ||
| 035 | _a(RuMoRGB)009834386 | ||
| 090 |
_a10937350 _c10937350 |
||
| 100 | _a20190117d2019 um y0rusy50 ca | ||
| 101 | 0 | _arus | |
| 102 | _aRU | ||
| 105 | _aa|||z|||000zb | ||
| 200 | 1 |
_aКалигула _e16+ _fИгорь Князький |
|
| 210 |
_aМосква _cМолодая гвардия _d2019 [т.е. 2018] |
||
| 215 |
_a250, [4] с. _cил. _d21 |
||
| 300 | _aФактическая дата выхода в свет - 2018 | ||
| 320 | _aБиблиогр. в примеч.: с. 241-251 и в конце кн. | ||
| 600 | 0 |
_aКалигула _bГ.Ю.Ц. _gГай Юлий Цезарь _f12 - 41 _2nlr_sh1 _2nlr_sh2 _3RU\NLR\AUTH\661299605 |
|
| 686 | 1 | _aТ3(0)323.4-8 | |
| 700 | 1 |
_aКнязький _bИ. О. _gИгорь Олегович |
|
| 702 | 1 |
_aКалигула _bГ. Ю. Ц. _f12-41 _gГай Юлий Цезарь _3RU\NLR\AUTH\779621 _4570 |
|
| 942 | _cBOOK | ||
| 980 | _aNBR | ||
| 980 | _aNB | ||